Match 'Em Up - Presidents & VPs Quiz Stats

 Plays Quiz Updated Jan 20, 2017

Challenge
Share
Tweet
Score 0/30 Timer 05:00
2 Plays Today
% Correct
Al Gore
96.7%
Joe Biden
96.2%
Dick Cheney
94.5%
Mike Pence
92.3%
Lyndon B. Johnson
91.3%
George H. W. Bush
90.6%
Dan Quayle
88%
John Adams
84.3%
Richard Nixon
78%
Thomas Jefferson
77.2%
Walter Mondale
75.8%
Nelson Rockefeller
60.9%
Hubert Horatio Humphrey
58.4%
Calvin Coolidge
52.7%
John Tyler
48.6%
% Correct
Chester A. Arthur
48.6%
Millard Fillmore
41.8%
Alben W. Barkley
30.6%
Adlai E. Stevenson
27.8%
John C. Breckenridge
26.4%
Charles G. Dawes
24.9%
Charles W. Fairbanks
23.6%
Charles Curtis
22.2%
Thomas R. Marshall
21.5%
George Dallas
21.5%
Daniel D. Tompkins
20.7%
James S. Sherman
20.3%
William R. King
20.1%
William A. Wheeler
19.2%
Richard Johnson
19.2%

You're not logged in!

Compare scores with friends on all Sporcle quizzes.
OR
Log In

You Might Also Like...

Show Comments

Extras

Top Quizzes Today


Score Distribution

Your Account Isn't Verified!

In order to create a playlist on Sporcle, you need to verify the email address you used during registration. Go to your Sporcle Settings to finish the process.

Report this User

Report this user for behavior that violates our Community Guidelines.

Details: